000 00812nam a2200193Ia 4500
999 _c42686
_d42686
001 9390
003 GE_BSU
005 20240613170254.0
008 181216s1982||||ge |||||||||||||| ||rus||
040 _cGE_BSU
041 _arus
080 _a808.2.161.1(076)+62 М-40
100 _aМгалоблишвили, Н.В.
_922427
245 _aПрактический курс для студентов-грузин технических специальностей:
_bтексты, упражнения, переводы, диалоги. Часть 1 /
_cН.В. Мгалоблишвили.
264 _aТбилиси :
_bИзд-во Тбил. ун-та,
_c1982.
300 _a394 стр. ;
_b22 см.
653 _a რუსული ენის სახელმძღვანელო
942 _cBK
_2udc